Sahithya aur parivesh/ (Record no. 39152)

000 -LEADER
fixed length control field 00392nam a22001571a 4500
020 ## - INTERNATIONAL STANDARD BOOK NUMBER
ISBN 9788181111180
082 ## - DEWEY DECIMAL CLASSIFICATION NUMBER
Classification number H4
Item number VED/S
100 ## - MAIN ENTRY--AUTHOR NAME
Personal name Vedprakash Amitabh
245 ## - TITLE STATEMENT
Title Sahithya aur parivesh/
Statement of responsibility, etc by Vedprakash Amitabh
260 ## - PUBLICATION, DISTRIBUTION, ETC. (IMPRINT)
Place of publication Mathura:
Name of publisher Jawahar Pustakalaya,
Year of publication 2009.
300 ## - PHYSICAL DESCRIPTION
Number of Pages 190p.
650 ## - SUBJECT ADDED ENTRY--TOPICAL TERM
Topical Term Essays Hindi
650 ## - SUBJECT ADDED ENTRY--TOPICAL TERM
Topical Term Literature Hindi
650 ## - SUBJECT ADDED ENTRY--TOPICAL TERM
Topical Term Literature
942 ## - ADDED ENTRY ELEMENTS (KOHA)
Koha item type Book
Holdings
Withdrawn status Lost status Damaged status Not for loan Permanent Location Current Location Date acquired Cost, normal purchase price Full call number Accession Number Cost, replacement price Price effective from Koha item type Shelving location
        Sree Sankaracharya University of Sanskrit Sree Sankaracharya University of Sanskrit 08.01.2015 300.00 H4 VED/S 071374 0.00 08.01.2015 Book  
        Sree Sankaracharya University of Sanskrit Sree Sankaracharya University of Sanskrit 29.01.2016 300.00 H4 VED/S 080268   29.01.2016 Book Stacks
        Sree Sankaracharya University of Sanskrit Sree Sankaracharya University of Sanskrit 28.05.2018 300.00 H4 VED/S 089389   28.05.2018 Book